Southville International School and Colleges
Your cart is empty.
  • Cart
  • Lists
    Public lists Eva Luna New books Lux_list list_1
    Your lists Log in to create your own lists
  • Log in to your account
  • Your cookies
  • Search history
Southville International School and Colleges
  • Advanced search
  • Recent comments
  • Most popular
  • Libraries

Log in to your account

Log in with GOOGLE


If you do not have an external account, but do have a local account, you can still log in:

  1. Home
  2. MARC view: Against the rules /
Normal view MARC view ISBD view

Against the rules / (Record no. 205)

[ view plain ]
MARC details
000 -LEADER
fixed length control field 00974nam a22003133a 4500
001 - CONTROL NUMBER
control field 16405129
003 - CONTROL NUMBER IDENTIFIER
control field OSt
005 - DATE AND TIME OF LATEST TRANSACTION
control field 20140310181623.0
008 - FIXED-LENGTH DATA ELEMENTS--GENERAL INFORMATION
fixed length control field 870601s1987 onc 000 1 eng d
010 ## - LIBRARY OF CONGRESS CONTROL NUMBER
LC control number 98810273
020 ## - INTERNATIONAL STANDARD BOOK NUMBER
International Standard Book Number 0553155180 (pbk.)
035 ## - SYSTEM CONTROL NUMBER
System control number (OCoLC)ocm15791940
040 ## - CATALOGING SOURCE
Original cataloging agency VTL
Transcribing agency VTL
Modifying agency DLC
050 00 - LIBRARY OF CONGRESS CALL NUMBER
Classification number PZ 7
Item number .Su968s9 1987
082 ## - DEWEY DECIMAL CLASSIFICATION NUMBER
Classification number FIC
Item number Su9sv #9
100 1# - MAIN ENTRY--PERSONAL NAME
Personal name Suzanne, Jamie.
9 (RLIN) 4455
245 10 - TITLE STATEMENT
Title Against the rules /
Statement of responsibility, etc written by Jamie Suzanne ; created by Francine Pascal.
260 ## - PUBLICATION, DISTRIBUTION, ETC. (IMPRINT)
Place of publication, distribution, etc Toronto ;
-- New York :
Name of publisher, distributor, etc Bantam Books,
Date of publication, distribution, etc c1987.
300 ## - PHYSICAL DESCRIPTION
Extent 104 p. ;
Dimensions 20 cm.
440 #0 - SERIES STATEMENT/ADDED ENTRY--TITLE
Title Sweet valley twins
Volume number/sequential designation #9
9 (RLIN) 17657
500 ## - GENERAL NOTE
General note "A Bantam Skylark book."
650 ## - SUBJECT ADDED ENTRY--TOPICAL TERM
Topical term or geographic name as entry element Fiction
9 (RLIN) 746
655 #7 - INDEX TERM--GENRE/FORM
Genre/form data or focus term Young adult fiction.
Source of term lcsh
9 (RLIN) 3735
700 1# - ADDED ENTRY--PERSONAL NAME
Personal name Pascal, Francine.
9 (RLIN) 3767
710 2# - ADDED ENTRY--CORPORATE NAME
Corporate name or jurisdiction name as entry element Copyright Paperback Collection (Library of Congress)
Institution to which field applies DLC
9 (RLIN) 705
906 ## - LOCAL DATA ELEMENT F, LDF (RLIN)
a 7
b cbc
c copycat
d 2
e ncip
f 19
g y-genrareb
942 ## - ADDED ENTRY ELEMENTS (KOHA)
Koha item type
Holdings
Withdrawn status Lost status Source of classification or shelving scheme Damaged status Home library Current library Shelving location Date acquired Total Checkouts Full call number Barcode Date last seen Copy number Price effective from Koha item type
    Library of Congress Classification   Luxembourg Library Luxembourg Library Fiction Section 01/20/2012   PZ 7 .Su968s9 1987 6050 08/13/2013 1 10/03/2013 Books

Against the rules /

APA

Suzanne J., Pascal F. & Copyright Paperback Collection (Library of Congress). (1987). Against the rules. Toronto: Bantam Books.

Chicago

Suzanne Jamie, Pascal Francine and Copyright Paperback Collection (Library of Congress). 1987. Against the rules. Toronto: Bantam Books.

Harvard

Suzanne J., Pascal F. and Copyright Paperback Collection (Library of Congress). (1987). Against the rules. Toronto: Bantam Books.

MLA

Suzanne Jamie, Pascal Francine and Copyright Paperback Collection (Library of Congress). Against the rules. Toronto: Bantam Books. 1987.

  • Place hold
  • Print
  • Cite
  • Add to your cart (remove)
  • Save record
    BIBTEX Dublin Core MARCXML MARC (non-Unicode/MARC-8) MARC (Unicode/UTF-8) MARC (Unicode/UTF-8, Standard) MODS (XML) RIS
  • More searches
    Search for this title in:
    Other Libraries (WorldCat) Other Databases (Google Scholar) Online Stores (Bookfinder.com) Open Library (openlibrary.org)

Exporting to Dublin Core...

SOUTHVILLE LIBRARY

Southville International School and Colleges Library

1281 Tropical Ave. Cor. Luxembourg St., BF Homes International, Las Pinas City

Tel. No. 8256374 / 252358 Loc. 117/146

Powered by Koha